Databases, information systems, and peer-to-peer computing : (Record no. 23764)
[ view plain ]
| 000 -LEADER | |
|---|---|
| fixed length control field | 01427cam a22003135a 4500 |
| 001 - CONTROL NUMBER | |
| control field | 13864157 |
| 005 - DATE AND TIME OF LATEST TRANSACTION | |
| control field | 20161227120320.0 |
| 008 - FIXED-LENGTH DATA ELEMENTS--GENERAL INFORMATION | |
| fixed length control field | 050208t2005 gw a frb 100 0 eng d |
| 020 ## - INTERNATIONAL STANDARD BOOK NUMBER | |
| International Standard Book Number | 9783540252337 |
| 020 ## - INTERNATIONAL STANDARD BOOK NUMBER | |
| International Standard Book Number | 354025339 |
| 040 ## - CATALOGING SOURCE | |
| Original cataloging agency | OHX |
| Transcribing agency | OHX |
| Modifying agency | CGU |
| -- | C$Q |
| -- | COO |
| -- | OCL |
| -- | OCLCQ |
| -- | DLC |
| -- | EG-ScBUE |
| Language of cataloging | eng |
| 082 04 - DEWEY DECIMAL CLASSIFICATION NUMBER | |
| Edition number | 22 |
| Classification number | 004.65 |
| Item number | DAT |
| 111 2# - MAIN ENTRY--MEETING NAME | |
| Meeting name or jurisdiction name as entry element | DBISP2P 2004 |
| Date of meeting | (2004 : |
| Location of meeting | Toronto, Ont.) |
| 245 10 - TITLE STATEMENT | |
| Title | Databases, information systems, and peer-to-peer computing : |
| Remainder of title | second international workshop, DBISP2P 2004, Toronto, Canada, August 29-30, 2004 ; revised selected papers / |
| Statement of responsibility, etc | editor Wee Siong Ng ... [et al.] |
| 246 30 - VARYING FORM OF TITLE | |
| Title proper/short title | DBISP2P 2004 |
| 260 ## - PUBLICATION, DISTRIBUTION, ETC. (IMPRINT) | |
| Place of publication, distribution, etc | Berlin : |
| Name of publisher, distributor, etc | Springer, |
| Date of publication, distribution, etc | c.2005. |
| 300 ## - PHYSICAL DESCRIPTION | |
| Extent | x, 229 p. : |
| Other physical details | ill. ; |
| Dimensions | 24 cm. |
| 490 0# - Series Statement | |
| Series statement | Lecture notes in computer science, |
| International Standard Serial Number | 0302-9743 ; |
| Volume/sequential designation | 3367 |
| 504 ## - BIBLIOGRAPHY, ETC. NOTE | |
| Bibliography, etc | Includes bibliographical references and index. |
| 650 #7 - SUBJECT ADDED ENTRY--TOPICAL TERM | |
| Topical term or geographic name as entry element | Peer-to-peer architecture (Computer networks) |
| Form subdivision | Congresses. |
| Source of heading or term | BUEsh |
| 650 #7 - SUBJECT ADDED ENTRY--TOPICAL TERM | |
| Topical term or geographic name as entry element | Database management |
| Form subdivision | Congresses. |
| Source of heading or term | BUEsh |
| 9 (RLIN) | 31847 |
| 650 #7 - SUBJECT ADDED ENTRY--TOPICAL TERM | |
| Topical term or geographic name as entry element | Management information systems |
| Form subdivision | Congresses. |
| Source of heading or term | BUEsh |
| 9 (RLIN) | 41072 |
| 651 ## - SUBJECT ADDED ENTRY--GEOGRAPHIC NAME | |
| Source of heading or term | BUEsh |
| 653 ## - INDEX TERM--UNCONTROLLED | |
| Resource For college | Informatics and Computer Science |
| Arrived date list | December2016 |
| 700 1# - ADDED ENTRY--PERSONAL NAME | |
| Personal name | Ng, Wee Siong, |
| Relator term | editor. |
| 856 41 - ELECTRONIC LOCATION AND ACCESS | |
| Uniform Resource Identifier | <a href="http://springerlink.metapress.com/openurl.asp?genre=issue&issn=0302-9743&volume=3367">http://springerlink.metapress.com/openurl.asp?genre=issue&issn=0302-9743&volume=3367</a> |
| Public note | Restricted to Springer LINK subscribers |
| 856 42 - ELECTRONIC LOCATION AND ACCESS | |
| Materials specified | Publisher description |
| Uniform Resource Identifier | <a href="http://www.loc.gov/catdir/enhancements/fy0663/2005921896-d.html">http://www.loc.gov/catdir/enhancements/fy0663/2005921896-d.html</a> |
| 942 ## - ADDED ENTRY ELEMENTS (KOHA) | |
| Source of classification or shelving scheme | Dewey Decimal Classification |
| Withdrawn status | Item status | Source of classification or shelving scheme | Damaged status | Not for loan | Vendor | Home library | Current library | Shelving location | Date acquired | Source of acquisition | Cost, normal purchase price | Serial Enumeration / chronology | Total Checkouts | Full call number | Barcode | Date last seen | Cost, replacement price | Koha item type |
|---|---|---|---|---|---|---|---|---|---|---|---|---|---|---|---|---|---|---|
| Dewey Decimal Classification | Scientific home BookShop | Central Library | Central Library | Lower Floor | 27/12/2016 | Purchase | 435.00 | 2691 | 004.65 DAT | 000040656 | 15/07/2025 | 543.75 | Book - Borrowing |